Зависимость между электропроводностью и проницаемостью пород как фактор преимущества индукционного каротажа на гидрогенных месторождениях урана; Проблемы геологии и освоения недр; Т. 1

Bibliografiske detaljer
Parent link:Проблемы геологии и освоения недр=Problems of Geology and Subsurface Development: труды XXVI Международного симпозиума имени академика М. А. Усова студентов и молодых учёных, посвященный 90-летию со дня рождения Н. М. Рассказова, 120-летию со дня рождения Л. Л. Халфина, 50-летию научных молодежных конференций имени академика М. А. Усова, Томск, 4-8 апреля 2022 г./ Национальный исследовательский Томский политехнический университет, Инженерная школа природных ресурсов ; гл. ред. А. С. Боев ; под ред. Е. Ю. Пасечник.— , 2022
Т. 1.— 2022.— [С. 159-161]
Hovedforfatter: Бейсекеев Е. Ш.
Institution som forfatter: Национальный исследовательский Томский политехнический университет Инженерная школа природных ресурсов Отделение геологии
Andre forfattere: Язиков Е. Г. Егор Григорьевич (научный руководитель)
Summary:Заглавие с экрана
Sprog:russisk
Udgivet: 2022
Serier:Геофизические методы исследования земли и поисков и разведки месторождений полезных ископаемых
Fag:
Online adgang:http://earchive.tpu.ru/handle/11683/73859
Format: MixedMaterials Electronisk Book Chapter
KOHA link:https://koha.lib.tpu.ru/cgi-bin/koha/opac-detail.pl?biblionumber=634979

MARC

LEADER 00000naa2a2200000 4500
001 634979
005 20231101133835.0
035 |a (RuTPU)RU\TPU\conf\36816 
035 |a RU\TPU\conf\36815 
090 |a 634979 
100 |a 20221020d2022 k y0rusy50 ca 
101 0 |a rus 
102 |a RU 
105 |a y z 100zy 
135 |a drgn ---uucaa 
181 0 |a i  
182 0 |a b 
200 1 |a Зависимость между электропроводностью и проницаемостью пород как фактор преимущества индукционного каротажа на гидрогенных месторождениях урана  |f Е. Ш. Бейсекеев  |g науч. рук. Е. Г. Язиков 
203 |a Текст  |c электронный 
225 1 |a Геофизические методы исследования земли и поисков и разведки месторождений полезных ископаемых 
230 |a 1 компьютерный файл (pdf; 668 Kb) 
300 |a Заглавие с экрана 
320 |a [Библиогр.: с. 161 (7 назв.)] 
461 1 |0 (RuTPU)RU\TPU\conf\36761  |t Проблемы геологии и освоения недр  |l Problems of Geology and Subsurface Development  |o труды XXVI Международного симпозиума имени академика М. А. Усова студентов и молодых учёных, посвященный 90-летию со дня рождения Н. М. Рассказова, 120-летию со дня рождения Л. Л. Халфина, 50-летию научных молодежных конференций имени академика М. А. Усова, Томск, 4-8 апреля 2022 г.  |o в 2 т.  |f Национальный исследовательский Томский политехнический университет, Инженерная школа природных ресурсов ; гл. ред. А. С. Боев ; под ред. Е. Ю. Пасечник  |d 2022 
463 1 |0 (RuTPU)RU\TPU\conf\36762  |t Т. 1  |v [С. 159-161]  |d 2022 
610 1 |a труды учёных ТПУ 
610 1 |a электронный ресурс 
610 1 |a зависимости 
610 1 |a проницаемость 
610 1 |a породы 
610 1 |a индукционный каротаж 
610 1 |a гидрогенные месторождения 
610 1 |a уран 
610 1 |a пластово-инфильтрационные месторождения 
610 1 |a скважинное выщелачивание 
610 1 |a мониторинг 
610 1 |a технологические растворы 
610 1 |a фильтрационные свойства 
700 1 |a Бейсекеев  |b Е. Ш. 
702 1 |a Язиков  |b Е. Г.  |c специалист в области геологии и минералогии  |c профессор Томского политехнического университета, доктор геолого-минералогических наук, заместитель проректора по образовательной и международной деятельности  |f 1955-  |g Егор Григорьевич  |2 stltpush  |4 727 
712 0 2 |a Национальный исследовательский Томский политехнический университет  |b Инженерная школа природных ресурсов  |b Отделение геологии  |h 8083  |2 stltpush  |3 (RuTPU)RU\TPU\col\23542 
801 2 |a RU  |b 63413507  |c 20221118  |g RCR 
856 4 |u http://earchive.tpu.ru/handle/11683/73859 
942 |c BK